Music Quiz

Random Music or Taylor Swift Quiz

Mega-Sorting Gallery: Music Quiz Stats

 Plays Quiz Updated Jul 25, 2018

Score 0/100 Timer 10:00
4 Plays Today
% Correct
Elton John
95.9%
Baby
92.3%
Posh
92.2%
Ginger
91.6%
Sporty
91.1%
Strings
90.7%
(Can't Get No) Satisfaction
90.5%
Brass
90.2%
Dolly Parton
90.1%
Scary
90.1%
Kanye West
89.9%
Fa
89.9%
La
89.9%
Do
89.8%
Mi
89.7%
Re
89.5%
I Want to Hold Your Hand
89.5%
Johnny Cash
89.3%
Cello
89.3%
Guitar
89.3%
Violin
89.1%
Ti
88.9%
Percussion
88.9%
Eminem
88.7%
Banjo
88.6%
Ukulele
88.4%
Sol
88.4%
A Hard Day's Night
88.2%
Garth Brooks
88%
Woodwinds
87.8%
Hank Williams
87.4%
Pop
87.1%
Paul McCartney
86.7%
R&B
86.7%
% Correct
Thriller
86.6%
John Lennon
86.5%
Reba McEntire
86.4%
Patsy Cline
86.4%
Classical
86%
Rock
86%
Loretta Lynn
85.9%
Jazz
85.9%
Can't Buy Me Love
85.8%
Ringo Starr
85.8%
George Harrison
85.3%
Mandolin
84%
Bad
83.7%
Scaramouch
83%
Kendrick Lamar
83%
Johann Sebastian Bach
82.9%
Ludwig van Beethoven
82.6%
Beelzebub
82.4%
Lyre
82.2%
Jimmy Dean
82%
Fandango
81.9%
We Are Never Ever Getting Back Together
81.6%
Johannes Brahms
81.5%
Forever, Michael
80.9%
Bismillah
80.9%
Elvis Presley
80.1%
Magnifico
79.3%
Paint It, Black
79.3%
I Knew You Were Trouble
79.2%
Nirvana
79%
Love Me Do
78.6%
André 3000
78.5%
Silhouetto
78.5%
Shake It Off
77.7%
% Correct
She Loves You
76.7%
Every Breath You Take
76.6%
Brown Sugar
75.1%
Alice in Chains
75%
Zither
74.5%
Gangnam Style
73.8%
I Will Always Love You
73.7%
Big Boi
72.7%
Dangerous
72.7%
Honky Tonk Woman
71.5%
Off the Wall
71%
Bad Blood
70.5%
Ruby Tuesday
70%
Walk Like an Egyptian
69.9%
You Belong With Me
69.9%
Bridge over Troubled Water
68.9%
Get Off My Cloud
68.6%
Blank Space
67.7%
HIStory (Continues)
67.1%
Gangsta's Paradise
66%
When Doves Cry
64.5%
Angie
63.2%
Love Story
63.2%
My Sharona
61.8%
Invincible
61%
Heartbreak Hotel
60.5%
Music and Me
59.5%
Ben
58.8%
I Feel Fine
56.5%
Got to Be There
53.3%
Macarena
52.2%
Miss You
38.6%

You're not logged in!

Compare scores with friends on all Sporcle quizzes.
OR
Log In

Show Comments

Extras

Top Quizzes Today


Score Distribution

Your Account Isn't Verified!

In order to create a playlist on Sporcle, you need to verify the email address you used during registration. Go to your Sporcle Settings to finish the process.

Report this User

Report this user for behavior that violates our Community Guidelines.

Details: